/ خون کا سمندر (Record no. 109497)

MARC details
000 -LEADER
fixed length control field 00772nam a22002537a 4500
005 - DATE AND TIME OF LATEST TRANSACTION
control field 20170123162354.0
010 ## - LIBRARY OF CONGRESS CONTROL NUMBER
LC control number B-080364
020 ## - INTERNATIONAL STANDARD BOOK NUMBER
Terms of availability 100.00
035 ## - SYSTEM CONTROL NUMBER
System control number B-080364
037 ## - SOURCE OF ACQUISITION
Source of stock number/acquisition Cen Lib/Ret
040 ## - CATALOGING SOURCE
Original cataloging agency DPL
Language of cataloging UR
082 ## - DEWEY DECIMAL CLASSIFICATION NUMBER
Classification number ن
Item number ا ب ن
100 ## - MAIN ENTRY--PERSONAL NAME
Personal name ابن صفی
9 (RLIN) 656
245 ## - TITLE STATEMENT
Title / خون کا سمندر
Statement of responsibility, etc ابن صفی
246 ## - VARYING FORM OF TITLE
Title proper/short title Khoon ka samundar /
Remainder of title by Abne Safi
260 ## - PUBLICATION, DISTRIBUTION, ETC. (IMPRINT)
Place of publication, distribution, etc دہلی
Name of publisher, distributor, etc کتاب والا
Date of publication, distribution, etc 2003
270 ## - ADDRESS
City دہلی
Address ٢٧٩٤، گلی جھوٹ والی پہاڑی بھوجلہ
Postal code 110006
300 ## - PHYSICAL DESCRIPTION
Extent 160p.
Dimensions 19cm(Hb)
650 ## - SUBJECT ADDED ENTRY--TOPICAL TERM
Topical term or geographic name as entry element اردو ادب
9 (RLIN) 138370
650 ## - SUBJECT ADDED ENTRY--TOPICAL TERM
Topical term or geographic name as entry element اردو نا ول
9 (RLIN) 138371
650 ## - SUBJECT ADDED ENTRY--TOPICAL TERM
Topical term or geographic name as entry element Urdu litarature
9 (RLIN) 138372
650 ## - SUBJECT ADDED ENTRY--TOPICAL TERM
Topical term or geographic name as entry element Urdu novel
9 (RLIN) 138373
942 ## - ADDED ENTRY ELEMENTS (KOHA)
Source of classification or shelving scheme Dewey Decimal Classification
Koha item type Urdu Bks
Classification part ن
Call number suffix ا ب ن
Holdings
Withdrawn status Lost status Damaged status Not for loan Home library Current library Date acquired Source of acquisition Cost, normal purchase price Total Checkouts Full call number Barcode Date last seen Date checked out Copy number Cost, replacement price Price effective from Koha item type
        Central Library Central Library 16/03/2016 Cen Lib/Ref 100.00 1 ن ا ب ن B-080364 09/09/2017 24/08/2017 1 100.00 16/03/2016 Urdu Bks

© Delhi Public Library
Hit Counter
free hit counter